Semana santa

সংরক্ষণ করুন:
গ্রন্থ-পঞ্জীর বিবরন
সংস্থা লেখক: Acción Católica (Author)
বিন্যাস: গ্রন্থ
ভাষা:স্প্যানিশ
প্রকাশিত: Santiago Accion Católica Rural 1950
বিষয়গুলি:
ট্যাগগুলো: ট্যাগ যুক্ত করুন
কোনো ট্যাগ নেই, প্রথমজন হিসাবে ট্যাগ করুন!

MARC

LEADER 00000nam a2200000 a 4500
001 UCH3264
003 CL-VaPUC
008 090723e19500000CL |||||||||||||||||spa|d
082 0 4 |a 242.35  |b ACC  |2 21 
110 2 |a Acción Católica  |e author  |9 538567 
245 1 0 |a Semana santa 
300 |a 40 p 
942 |c BK 
945 |d 20090723 00:00:00  |a rbrito 
260 |a Santiago  |b Accion Católica Rural  |c 1950 
650 7 |a EVANGELIZACION  |2 CL-VaPUC  |9 538568 
650 7 |a LITERATURA PIADOSA  |2 CL-VaPUC  |9 467509 
650 0 |a Semana Santa  |9 399216 
583 |a last modification  |c 20090723 00:00:00  |k Rodrigo Vera 
999 |c 334881  |d 334879 
952 |0 0  |1 0  |4 0  |6 242_350000000000000_ACC_1950  |7 0  |8 X  |9 424142  |a FDOBUD  |b FDOBUD  |d 2019-11-22  |i 4558707  |o 242.35 ACC 1950  |p 4558707  |r 2019-11-22  |w 2019-11-22  |y BK_X  |k BUD